Mercer Quality of Living Survey - Statistics

General Stats
  • This quiz has been taken 50 times
  • The average score is 52 of 100
Answer Stats
Answer % Correct
16. Germany Berlin
89%
35. Japan Tokyo
89%
8. Germany Munich
86%
10. Australia Sydney
86%
15. Canada Toronto
86%
13. Netherlands Amsterdam
84%
48. USA New york
84%
33. France Paris
84%
9. Switzerland Bern
81%
7. Germany Frankfurt
81%
25. Germany Hamburg
81%
39. UK London
81%
17. Australia Melbourne
81%
58. USA Los Angeles
78%
26. Norway Oslo
78%
61. Italy Rome
78%
20. Sweden Stockholm
78%
3. Canada Vancouver
78%
4. Austria Vienna
78%
1. Switzerland Zurich
78%
14. Belgium Brussels
76%
11. Denmark Copenhagen
76%
27. Ireland Dublin
76%
2. Switzerland Geneva
76%
30. Finland Helsinki
76%
22. Canada Montreal
76%
45. USA Chicago
73%
62. USA Miami
73%
19. Canada Ottawa
73%
29. USA San Francisco
73%
41. Spain Barcelona
70%
49. Italy Milan
70%
43. Japan Osaka
70%
5. New Zealand Auckland
68%
37. USA Boston
68%
47. Portugal Lisbon
68%
18. Luxembourg Luxembourg
68%
42. Spain Madrid
68%
50. USA Seattle
68%
34. Singapore Singapore
68%
12. New Zealand Wellington
68%
36. France Lyon
65%
21. Australia Perth
65%
86. South Africa Cape Town
62%
81. UAE Dubai
62%
73. Czech republic Prague
62%
44. USA Washington D.C.
62%
79. Greece Athens
59%
75. Hungary Budapest
59%
69. USA Houston
59%
84. Taiwan Taipei
59%
31. Australia Adelaide
57%
32. Australia Brisbane
57%
24. Canada Calgary
57%
6. Germany Düsseldorf
57%
88. South Korea Seoul
57%
76. Malaysia Kuala Lumpur
54%
80. Argentina Buenos Aires
49%
91. South Africa Johannesburg
49%
93. Latvia Riga
49%
55. Saudi Arabia Riyadh
49%
87. Poland Warsaw
49%
71. China Hongkong
46%
46. USA Portland
46%
54. Japan Nagoya
43%
67. USA Atlanta
41%
57. UK Glasgow
41%
89. UAE Abu Dhabi
38%
56. Saudi Arabia Jeddah
38%
60. USA Minneapolis
38%
94. Panama Panama City
38%
90. Estonia Tallin
38%
97. Tunisia Tunis
38%
83. Lithuania Vilnius
38%
38. Japan Yokohama
38%
64. USA Detroit
35%
82. Slovenia Ljubljana
35%
77. Uruguay Montevideo
35%
40. Japan Kobe
27%
23. Germany Nuremberg
24%
65. USA St. Louis
24%
98. Seychelles Victoria
24%
95. Mexico Monterrey
22%
78. Mauritius Port Louis
22%
74. Saudi Arabia Medina
19%
52. USA Pittsburgh
19%
28. USA Honolulu
16%
68. Germany Leipzig
16%
100. South Africa Port Elizabeth
16%
59. USA Cleveland
11%
72. USA San Juan
8%
85. Chile Santiago de Chile
8%
96. Saudi Arabia Khobar
3%
51. USA Lexington
3%
92. Cyprus Limassol
3%
70. Japan Omuta
0%
99. France Papeete
0%
66. Mexico San Pedro Garza Garcia
0%
53. USA Winston Salem
0%
63. Japan Yokkaichi
0%
No matching quizzes found
Score Distribution
Percent of People with Each Score
Percentile by Number Answered
Your Score History
You have not taken this quiz